| 000 | 00433nam a2200169Ia 4500 | ||
|---|---|---|---|
| 005 | 20250423101019.0 | ||
| 008 | 250422s9999 xx 000 0 und d | ||
| 020 | _a0-582-419395 | ||
| 050 | _aPZ 7 .S7675/ | ||
| 245 | 0 | _aStories of detection and mystery | |
| 260 | _aHarlow, Essex | ||
| 260 | _bPearson | ||
| 260 | _c1999 | ||
| 300 | _a40 p | ||
| 650 | _aEnglish language -- Study and teaching Readers -- Level 5 | ||
| 942 | _cBK | ||
| 999 |
_c35020 _d35020 |
||